000 00624nam a2200229Ia 4500
003 OSt
005 20220923230353.0
006 a|||||r|||| 00| 0
007 ta
008 Pun
024 _a279,880
037 _cTextual
040 _aARTS
_cARTS
_bPun
041 _2Pun
_aPun
082 _aO153,11NDH3x, M9
100 _aਧੰਜਲ, ਪ੍ਰੀਤਮ ਸਿੰਘ
245 0 _aਸੁਚੇਤ ਸੁਪਨੇ
260 _c1989
650 _aਪੰਜਾਬੀ ਸਾਹਿਤ
942 _hO153,11NDH3x, M9
_cTEXL
_2CC
999 _c384327
_d384327